| 000 | 00711nam a2200181 a 4500 | ||
|---|---|---|---|
| 008 | 120416s1970 ||||||||||||||||| || u | ||
| 050 | _aKD 109 Per | ||
| 100 | _aPerrins, R | ||
| 245 | 1 | 0 | _aRanking and Spicer's company law |
| 250 | _a11th ed | ||
| 260 |
_aLondon _bHFL Publishers _c1970 |
||
| 300 | _axlvii, 427p. | ||
| 350 | _a0.00 | ||
| 650 | _aCORPORATION LAW--GREAT BRITAIN | ||
| 650 | _aLAW | ||
| 995 |
_aTEXTBOOKS (SB) _D0.00 _e01057 _FCBU-SCHOOL TEXTBOOK COLLECTIONS _H1 _I0.00 _jSCHOOL TEXTBOOK _M2 _UAVAILABLE _WSep 21, 2009 _y01057 _ZSchool Collections |
||
| 995 |
_aMAIN LIBRARY OPEN ACCESS _D0.00 _e718712 _FCBU-MAIN LIBRARY (Kitwe) _H1 _I0.00 _jKD 109 Per _M1 _ULOST _y017844 _ZMain Library Open Access Collection |
||
| 999 |
_c79953 _d79953 |
||